000 00800cam a22002171 4500
001 000019860
005 20200929170152.0
008 710326m19691971njuach b 000 0beng
010 _a68054197
040 _aDO-SdBNP
_cDLC
_dDLC
050 0 0 _aDA565.C6
_bM3
100 1 _aMartin, Ralph G.,
_d1920-
_942381
245 1 0 _aJennie: the life of Lady Randolph Churchill, /
_cby Ralph G. Martin.
260 _aEnglewood Cliffs, N.J., :
_bPrentice-Hall,
_c[1969-71].
300 _a2 v. :
_billus., facsims., ports. ;
_c24 cm.
504 _aIncludes bibliographical references.
505 0 _av. 1. The romantic years, 1854-1895.--v. 2. The dramatic years, 1895-1921.
600 1 0 _aChurchill, Randolph Spencer,
_cLady,
_d1854-1921.
_942382
910 _aCatalogación derivada / LC
082 0 0 _a942.081/0924
_aB
999 _c19373
_d19373